21世紀中日ドラゴンズ開幕スタメン - Statistics

General Stats
  • This quiz has been taken 101 times
    68 since last reset
  • The average score is 173 of 234
Answer Stats
Answer % Correct
2010 | 2013 | 2014 | +7 others 中 | 左 大島洋平
98%
三 | 右 | 左 福留孝介
95%
ウッズ
95%
大野雄大
95%
二 | 遊 井端弘和
93%
二 | 遊 荒木雅博
93%
三 | 二 立浪和義
90%
柳裕也
90%
谷繁元信
88%
木下拓哉
88%
川上憲伸
85%
右 | 左 カリステ
85%
ブランコ
83%
田中幹也
83%
右 | 左 細川成也
83%
平田良介
80%
三 | 二 高橋周平
80%
一 | 三 | 中 | 左 森野将彦
78%
吉見一起
78%
ビシエド
78%
中 | 右 岡林勇希
78%
中 | 左 アレックス
76%
京田陽太
76%
村松開人
76%
和田一浩
73%
小笠原慎之介
71%
サノー
71%
中田翔
68%
右 | 左 井上一樹
66%
阿部寿樹
66%
三 | 二 福永裕基
66%
高橋宏斗
66%
石伊雄太
66%
石川昂弥
63%
セサル
61%
浅尾拓也
56%
ルナ
56%
アルモンテ
56%
アキーノ
54%
堂上直倫
51%
加藤匠馬
51%
中村武志
49%
川崎憲次郎
49%
野本圭
49%
エルナンデス
49%
松井雅人
49%
ゲレーロ
49%
福田永将
49%
山本泰寛
49%
中村紀洋
46%
山井大介
46%
龍空
46%
山本昌広
44%
中 | 左 藤井淳志
44%
福谷浩司
44%
山崎武司
41%
ゴメス
41%
ネルソン
41%
クラーク
41%
杉山翔大
41%
2024 三好大倫
41%
中 | 右 李炳圭
39%
根尾昂
39%
ロドリゲス
39%
左 | 遊 遠藤一星
34%
笠原祥太郎
32%
松井佑介
29%
ディカーソン
29%
2001 関川浩一
24%
桂依央利
24%
リナレス
20%
グスマン
20%
波留敏夫
12%
ティモンズ
10%
クルーズ
10%
No matching quizzes found
Score Distribution
Percent of People with Each Score
Percentile by Number Answered
Your Score History
You have not taken this quiz since the last reset